000 04113cam a2201069 4500
001 L122696
008 030113n2004 000 0 eng u
020 _a1842191519
_a9781842191514
035 _a(Sirsi) u122696
041 _aeng
050 _a333.72
_c18
110 _aRoyal Institution of Chartered Surveyors
_94900
245 _aIsurv
_bconstruction
_h[multimedia]
260 _aLondon
_bRICS
_c2004-
490 _aRICS Isurv.co.uk Series
505 _aBenchmarking
505 _aBuilding control
505 _aBuilding maintenance
505 _aBuilding services procurement
505 _aCapital allowances
505 _aCDM
505 _aThe chartered surveyor as lead consultant
505 _aThe client's requirements and roles
505 _aCollateral warranties
505 _aComputer-aided design
505 _aConceptual cost planning
505 _aCondition surveys
505 _aCost management
505 _aDDA
505 _aDefining sustainable construction
505 _aDesign and build
505 _aDispute resolution
505 _aDocument management
505 _aElements for buildings
505 _aExtensions of time
505 _aInsurance
505 _aKPIs
505 _aLetters of intent
505 _aLiquidated damages
505 _aLoss and expense
505 _aMeasured survey
505 _aNon-standard bespoke forms of contract
505 _aParty walls
505 _aPFI
505 _aPost-occupancy review
505 _aPractical completion
505 _aProcurement stategies
505 _aRights to light
505 _aRisk management
505 _aSite inspections
505 _aSoil surveys
505 _aSpecifications
505 _aStandard forms of contract
505 _aSupply chain management and lean construction
505 _aVAT
505 _aValuations for interim certificates
505 _aValue engineering
505 _aWhole life costing
520 _aAims to help construction professionals keep up to date with current practice, regulatory matters, compliance and RICS guidance. Contains practical commentary, access to all relevant RICS guidance, and hypertext links to appropriate external sites. The practical commentary chapters cover all aspects of the construction process, from inception and feasibility, through construction itself, to completion, hand-over, occupation and post-completion review. Material from the "Surveyors construction handbook" is incorporated into this new service, under the relevant subject headings. A full list of material from the handbook, in its original order, is provided in the RICS material index. The April 2005 update includes new material in the following chapters: insurance; procurement; VAT; document management; building control; supply chain management and lean construction; and capital allowances.
520 _aSupersedes the "Surveyors construction handbook" (ISBN 0854068651)
520 _aSubscribers to "Isurv construction" will be able to access it at www.isurv.co.uk using the username and password issued to them. Other RICS members will be able to use it via the public access terminals in the RICS Library - please ask Library Staff for details.
590 _aIKA190505
690 _aBUILT ENVIRONMENT
700 _aBarnes, S
700 _aBest, G
700 _aBrewer, S
700 _aBurwood, V
700 _aCarty, D
700 _aCook, M
700 _aCosgrave, Alan
700 _aDefoe, P
700 _aEmpson, G
700 _aFrench, T
700 _aGear, A
700 _aGreen, A
700 _aHelps, D
700 _aHubbard, J
700 _aJohnson, H
700 _aKendall, D
700 _aLee, D
700 _aLee, W
700 _aMills, R
700 _aMoore, P
700 _aMorgan, P
700 _aNeal, T
700 _aPotts, J.
700 _aRobinson, R
700 _aTee, A
700 _aWilson, R
856 _uhttps://www.rbprofessional.com
_zAccess "Isurv construction" using your username and password...
942 _n0
999 _c102909
_d102909